书目信息 |
| 题名: |
看不透的日本
|
|
| 作者: | 李兆忠 编著 | |
| 分册: | ||
| 出版信息: | 北京 东方出版社 2006 |
|
| 页数: | 268页 | |
| 开本: | 24cm | |
| 丛书名: | ||
| 单 册: | ||
| 中图分类: | C955.313 | |
| 科图分类: | ||
| 主题词: | 民族性--研究--日本 , 民族性 | |
| 电子资源: | ||
| ISBN: | 7-5060-2672-4 | |
| 000 | 00846nam0 2200241 450 | |
| 001 | 003372186 | |
| 005 | 20070805164456.12 | |
| 010 | @a7-5060-2672-4@dCNY32.00 | |
| 100 | @a20070124d2006 em y0chiy0110 ea | |
| 101 | 0 | @achi |
| 102 | @aCN@b110000 | |
| 105 | @aa z 000yy | |
| 200 | 1 | @a看不透的日本@9kan bu tou de ri ben@e中国文化精英眼中的日本@f李兆忠编著 |
| 210 | @a北京@c东方出版社@d2006 | |
| 215 | @a268页@c图,照片@d24cm | |
| 330 | @a本书详细梳理了一百多年来我国留日文化精英如鲁迅、周作人、郭沬若、戴季陶等人对日本民族性的探讨,反映认识日本真面目的难度。 | |
| 517 | 1 | @a中国文化精英眼中的日本@9zhong guo wen hua jing ying yan zhong de ri ben |
| 606 | 0 | @a民族性@x研究@y日本 |
| 606 | 0 | @a民族性 |
| 690 | @aC955.313@v4 | |
| 701 | 0 | @a李兆忠@9li zhao zhong@f(1957~)@4编著 |
| 801 | 0 | @aCN@bNLC@c20070805 |
| 905 | @a10447@dC955.313@e61 | |
| 看不透的日本:中国文化精英眼中的日本/李兆忠编著.-北京:东方出版社,2006 |
| 268页:图,照片;24cm |
| ISBN 7-5060-2672-4:CNY32.00 |
| 本书详细梳理了一百多年来我国留日文化精英如鲁迅、周作人、郭沬若、戴季陶等人对日本民族性的探讨,反映认识日本真面目的难度。 |
| ● |
| 相关链接 |
|
|
|
|
正题名:看不透的日本
索取号:C955.313/61
 
预约/预借
| 序号 | 登录号 | 条形码 | 馆藏地/架位号 | 状态 | 备注 |
| 1 | 0809354 | 208093542 | 第一样本阅览室/ [索取号:C955.313/61] | 在馆 | |
| 2 | 0809355 | 208093551 | 第一借阅区/ [索取号:C955.313/61] | 在馆 |